000 00602nam a2200181Ia 4500
008 100917s9999 xx 000 0 und d
082 _b37938
100 _aखांडेकर वि. स.
245 _aरिकामा देव्हारा (आ. 4)
260 _bदेशमुख आणि कंपनी
_c1976
300 _a174
365 _b15
520 _aकादंबरी
630 _aरिकामा देव्हारा (आ. 4)
650 _aकादंबरी
730 _aरिकामा देव्हारा (आ. 4)
942 _cBOOK
999 _c643332
_d643329